000 00417pab a2200145 454500
008 180718b2005 xxu||||| |||| 00| 0 eng d
100 _aKabra, Kamal Nayan
245 _aSocial authoritarianism and global asymmetries: a plea for follow-up on wings of fire (a review article)
260 _c2005
300 _ap.15-18.
362 _a12 Feb
650 _aAbdul Kalam, A.P.J.
773 _aMainstream
909 _a64215
999 _c64215
_d64215